在空白地图上画出山西所有县级行政区Counties in Shanxi with an empty map - Statistics

General Stats
  • This quiz has been taken 109 times
  • The average score is 71 of 117
Answers on the Map
Answers color-coded by a green-red scale on the quiz's map according to % correct below.
 
Answer Stats
地级 县级 % Correct
阳泉市 郊区
94%
晋城市 | 阳泉市 城区
91%
阳泉市 矿区
91%
大同市 平城区
89%
太原市 尖草坪区
86%
太原市 杏花岭区
83%
太原市 古交市
83%
临汾市 古县
83%
太原市 小店区
80%
太原市 万柏林区
80%
太原市 晋源区
80%
大同市 云冈区
80%
晋中市 榆次区
80%
太原市 迎泽区
77%
临汾市 侯马市
77%
吕梁市 汾阳市
77%
长治市 上党区
74%
朔州市 应县
74%
晋中市 平遥县
74%
晋中市 介休市
74%
忻州市 五台县
74%
太原市 阳曲县
71%
太原市 娄烦县
71%
大同市 云州区
71%
长治市 潞州区
71%
运城市 盐湖区
71%
运城市 永济市
71%
吕梁市 孝义市
71%
太原市 清徐县
69%
大同市 左云县
69%
阳泉市 盂县
69%
长治市 潞城区
69%
晋城市 高平市
69%
朔州市 朔城区
69%
朔州市 平鲁区
69%
朔州市 右玉县
69%
晋中市 太谷区
69%
晋中市 左权县
69%
运城市 河津市
69%
吕梁市 临县
69%
大同市 天镇县
66%
晋城市 泽州县
66%
忻州市 代县
66%
临汾市 隰县
66%
临汾市 霍州市
66%
吕梁市 离石区
66%
大同市 新荣区
63%
大同市 浑源县
63%
长治市 长子县
63%
运城市 芮城县
63%
忻州市 忻府区
63%
忻州市 繁峙县
63%
忻州市 偏关县
63%
忻州市 原平市
63%
长治市 屯留区
60%
长治市 壶关县
60%
晋中市 灵石县
60%
临汾市 吉县
60%
大同市 阳高县
57%
大同市 灵丘县
57%
朔州市 怀仁市
57%
忻州市 河曲县
57%
临汾市 尧都区
57%
吕梁市 文水县
57%
阳泉市 平定县
54%
长治市 襄垣县
54%
晋中市 榆社县
54%
晋中市 祁县
54%
运城市 平陆县
54%
忻州市 岢岚县
54%
临汾市 翼城县
54%
临汾市 洪洞县
54%
吕梁市 交城县
54%
吕梁市 岚县
54%
长治市 沁县
51%
运城市 万荣县
51%
运城市 闻喜县
51%
运城市 新绛县
51%
忻州市 定襄县
51%
临汾市 蒲县
51%
吕梁市 柳林县
51%
吕梁市 石楼县
51%
大同市 广灵县
49%
晋城市 阳城县
49%
朔州市 山阴县
49%
运城市 绛县
49%
运城市 夏县
49%
忻州市 保德县
49%
临汾市 曲沃县
49%
临汾市 襄汾县
49%
临汾市 大宁县
49%
长治市 武乡县
46%
长治市 沁源县
46%
晋城市 陵川县
46%
晋中市 寿阳县
46%
运城市 临猗县
46%
运城市 稷山县
46%
运城市 垣曲县
46%
忻州市 宁武县
46%
忻州市 神池县
46%
临汾市 乡宁县
46%
临汾市 汾西县
46%
吕梁市 兴县
46%
吕梁市 方山县
46%
长治市 黎城县
43%
晋城市 沁水县
43%
晋中市 和顺县
43%
临汾市 安泽县
43%
长治市 平顺县
40%
晋中市 昔阳县
40%
忻州市 五寨县
40%
临汾市 永和县
40%
忻州市 静乐县
37%
临汾市 浮山县
37%
吕梁市 交口县
37%
吕梁市 中阳县
34%
No matching quizzes found
Score Distribution
Percent of People with Each Score
Percentile by Number Answered
Your Score History
You have not taken this quiz